| 000 | 02463cam a2200169 4500500 | ||
|---|---|---|---|
| 005 | 20260111091230.0 | ||
| 041 | _afre | ||
| 042 | _adc | ||
| 100 | 1 | 0 |
_aRigal, Jean _eauthor |
| 245 | 0 | 0 | _aAucante V., Le discernement selon Edith Stein. Que faire de sa vie ? « Tu dois réveiller en toi le don de Dieu que tu as reçu » (S. Paul, 2e lettre à Timothée 1,6), coll. Cahiers de l’École Cathédrale 58, Paris, Parole et Silence, 2003, 24x16, 149 p., 12.50 €. ISBN 2-84573-165-5 |
| 260 | _c2005. | ||
| 500 | _a58 | ||
| 520 | _aL’expression « Nouvelle Évangélisation », employée pour la première fois par Jean-Paul II en 1983, recouvre, en fait, des réalités aussi différentes que dispersées : ce qui n’en rend pas l’analyse facile. Ces pages tentent d’en faire une relecture rapide et de relever quelques critères de discernement. Au-delà d’un simple descriptif, relativement connu, sur l’essor de ce courant religieux, l’article se propose de mettre en relief les principales composantes de cet élan missionnaire et d’indiquer les points d’appui sociologiques et ecclésiaux qui lui permettent de se développer. La dernière partie de cette présentation rassemble les principales questions que pose, selon l’auteur, l’émergence de ce courant religieux. Il ne s’agit ni d’approuver ni de condamner mais plutôt de comprendre cette nouvelle approche évangélique et d’en discerner les enjeux pour la vie de l’Église et le service de l’Évangile. | ||
| 520 | _aThe expression New Evangelisation, which has been used for the first time by John Paul II in 1983, covers such a wide range of realities as to make its understanding arduous. The A. endeavours to establish criteria of discernment. Beyond a simple description of the growth of this religious trend, he stresses the main components of its missionary impetus and indicates the sociological and ecclesial bases which make its development possible. The last part of the article deals with the main questions raised by the emergence of the new evangelical approach. Its aim is neither to commend nor to condemn but rather to understand it and to discern what is at stake for the life of the Church and the service of the Gospel. | ||
| 786 | 0 | _nNouvelle revue théologique | 127 | 3 | 2005-07-01 | p. 494f-500f | 0029-4845 | |
| 856 | 4 | 1 | _uhttps://shs.cairn.info/revue-nouvelle-revue-theologique-2005-3-page-494f?lang=fr&redirect-ssocas=7080 |
| 999 |
_c1620687 _d1620687 |
||